| 000 | 00489nam a22001697a 4500 | ||
|---|---|---|---|
| 999 |
_c192 _d192 |
||
| 003 | OSt | ||
| 005 | 20180809132302.0 | ||
| 008 | 180809b ||||| |||| 00| 0 eng d | ||
| 040 | _cDLC | ||
| 082 |
_a248.4 _bS463C |
||
| 100 | _aSekowsky, Jo Anne | ||
| 245 |
_aA Christian Road Map For Women Travelling Alone _bForeword By Rita Bennett _cJo Anne Sekowsky |
||
| 260 |
_aWashington _bAglow Publication _cc1975 |
||
| 300 | _a136 p.: | ||
| 650 |
_aWomen Bereavement _xChristianity |
||
| 942 |
_2ddc _cBK |
||